Dostoevsky : (Record no. 533974)

MARC details
000 -LEADER
fixed length control field 00407nam a22001457a 4500
082 ## - DEWEY DECIMAL CLASSIFICATION NUMBER
Classification number 824
Item number DOS/D
245 ## - TITLE STATEMENT
Title Dostoevsky :
Remainder of title a collection of critical essays /
Statement of responsibility, etc. edited by Rene Wellek.
250 ## - EDITION STATEMENT
Edition statement 1st.
260 ## - PUBLICATION, DISTRIBUTION, ETC.
Place of publication, distribution, etc. New Jersey :
Name of publisher, distributor, etc. Prentice-Hall, Inc & Englewood Cliffs,
Date of publication, distribution, etc. 1962.
300 ## - PHYSICAL DESCRIPTION
Extent 180p.
546 ## - LANGUAGE NOTE
Language note English
650 ## - SUBJECT ADDED ENTRY--TOPICAL TERM
Topical term or geographic name entry element English Literature
700 ## - ADDED ENTRY--PERSONAL NAME
Personal name Wellek, Rene. (Ed.)
942 ## - ADDED ENTRY ELEMENTS (KOHA)
Koha item type Book
Holdings
Withdrawn status Lost status Damaged status Not for loan Home library Current library Shelving location Date acquired Total Checkouts Full call number Barcode Date last seen Price effective from Koha item type
        Dept. of Tamil Dept. of Tamil Processing Center 17/09/2021   824 DOS/D TAM5333 17/09/2021 17/09/2021 Book